|
|
|
|
| LEADER |
00000cam a2200000 a 4500 |
| 001 |
TAD-648 |
| 005 |
20230308193758.0 |
| 008 |
000000|2002 ||||||||r|||||||||||spa|| |
| 040 |
|
|
|b spa
|
| 041 |
1 |
|
|a spa
|
| 245 |
|
|
|a Implementación de la gestión ambiental en la EMAC, a través de su departamento técnico con la norma ISO 14001
|c Oswaldo Aguilar Aguilar y Freddy Escandón Calle. Director Oswaldo Salgado Espinoza
|h dact
|
| 264 |
|
|
|a Cuenca
|c 2002
|
| 300 |
|
|
|a 111 páginas:
|b tab
|c 30 cm
|
| 502 |
|
|
|a Ingeniero Comercial
|b Universidad de Cuenca
|c eco
|d Salgado Espinoza, Oswaldo, dir.
|e ADMINISTRACION DE EMPRESAS
|
| 504 |
|
|
|a incl. ref.
|
| 700 |
1 |
|
|a Aguilar Aguilar, Oswaldo.
|9 144977
|
| 700 |
1 |
|
|a Escandón Calle, Freddy
|e coautor
|9 144978
|
| 852 |
|
|
|a UC-CDJBV
|c CUARTO PISO (SECCION TESIS)
|f Donación
|k sara.alvarado
|l 1
|m Limitada
|p 00000000
|q 1.00
|t TAD-648
|y 48933
|b 1
|d CDRC
|e CDRC
|g CUARTO PISO (SECCION TESIS)
|z 0000-00-00
|
| 942 |
|
|
|c TS
|
| 999 |
|
|
|c 84067
|d 84067
|